00629nam a2200169Ia 4500008004100000020001800041041000800059082001600067100004300083245009900126250000600225260004100231300001500272650002800287999001900315952012500334210716s2018 xx 000 0 und d a9788126507969 aeng a658.84 PAPM aPapazoglou, Michael P; Ribbers Pieter. aE-business: organizational and technical foundationsbOrganizational and technical foundations a1 aNew DelhibWiley India Pvt Ltdc2018 axxviii,722 aInternational Marketing c210821d210821 001040708MBAaAIMITbAIMITd2019-02-27g499.00l0o658.84 PAPMpMBA13389r2026-05-23 00:00:00v374.25w2021-07-16yBK